000 00407cam a2200169ua 4500
020 _cRs 6.00
041 _amal
_h
082 _a894.812308
_bPRE/GO
100 _aPremchand, .
245 _aGodanam /
_cPremchand.
_hTextual Documents
260 _aThrissur :
_bThe Mangalodayam Pvt Ltd ,
_c1964.
300 _a458 ; .
365 _aRs 6.00
504 _a
942 _cBK
999 _c4234
_d4234